| 000 | 00462nam a2200181Ia 4500 | ||
|---|---|---|---|
| 001 | 1943 | ||
| 005 | 20260306143806.0 | ||
| 008 | 260306t2016||||xx |||||||||||||| ||spa|| | ||
| 041 | _aESP | ||
| 082 |
_a158.3 _bM16 |
||
| 100 |
_aMagnuson, Sandy _eAUT |
||
| 245 | 0 |
_aHabilidades esenciales del counseling: _bguía práctica y de aplicación |
|
| 260 | _c2016 | ||
| 300 |
_a224 páginas : _c22 cm. |
||
| 650 | _aGEN | ||
| 654 | _aCPS | ||
| 942 |
_cLIB _dJUS _fJUS _2ddc _n |
||
| 999 |
_c1943 _d1943 |
||